| 000 | 00515nam a22001937a 4500 | ||
|---|---|---|---|
| 003 | CEME | ||
| 005 | 20210628204019.0 | ||
| 008 | 210113b xxu||||| |||| 00| 0 eng d | ||
| 020 | _a9788131708071 | ||
| 040 | _cceme | ||
| 082 | _a006.36 INT | ||
| 100 |
_aGrama, Ananth , Gupta, Anshul , Karypis, George _968249 |
||
| 245 | _aIntroduction to parallel computing | ||
| 250 | _a2ND | ||
| 260 |
_aINDIA _bPEARSON EDUCATION _c2012 |
||
| 300 | _aXX, 636P | ||
| 650 |
_aPARALLEL COMPUTING. _960865 |
||
| 942 |
_cBK _2ddc |
||
| 999 |
_c575863 _d575863 |
||